[Event "Reykjavik op"]
[Site "Reykjavik"]
[Date "2015.03.16"]
[Round "8"]
[White "Granda Zuniga, Julio E"]
[Black "L'Ami, Erwin"]
[Result "0-1"]
[WhiteElo "2646"]
[BlackElo "2605"]
[Annotator "Sagar Shah"]
[PlyCount "162"]
[EventDate "2015.03.10"]
[EventType "swiss"]
[EventRounds "10"]
[EventCountry "ISL"]
[SourceTitle "CBM 166"]
[Source "ChessBase"]
[SourceDate "2015.05.11"]
[SourceVersion "1"]
[SourceVersionDate "2015.05.11"]
[SourceQuality "1"]

1. d4 f5 2. Nc3 $5 {The Nc3-move against the Dutch can be dubbed as a very
aggressive and tactical opening choice. The point of irony is that often, it
leads to closed and positional struggles. Why is it so? With the move Nc3,
White wants to immediately break in the centre with e4. If White can achieve
that he gets a good initiative. But Black more often than not prevents it with
the move d7-d5 and then a positional battle ensues as we shall see in this
game.} Nf6 (2... d5 {is another way to stop e4.}) (2... g6 3. h4 $5 Nf6 4. h5
Nxh5 5. Rxh5 gxh5 6. e4 $16) 3. Bg5 d5 {Erwin clamps down on the White option
of playing e4. Now the game moves into calmer positional waters.} (3... g6 4.
Bxf6 exf6 5. e3 $14 {Let us try to understand why White has a clear advantage
here. White's development is very easy. He can just simply play Qf3, Bd3, Nge2,
0-0-0 and follow it up with the very strong positional idea of h3-g4. Black
doesn't really have good squares for his pieces and his move g6 in the opening
has turned out to be more of a weakness than of any use.} d5 6. Qf3 Be6 7. Nge2
c6 8. Nf4 Bf7 9. Bd3 Bd6 10. h3 $14) (3... e6 4. e4 fxe4 5. Nxe4 Be7 6. Bxf6
Bxf6 {This leads to positions like in the Rubinstein French. Just that instead
of Black's d-pawn it is the f-pawn that is missing! This is a huge difference
and Black king looks pretty weak in the centre and will not find a safe haven
on the kingside.} 7. Qh5+ $1 g6 8. Qh6 $14) 4. Bxf6 $1 {This bishop has no
better task than to give up its life for the f6-knight and ruin the black pawn
structure.} exf6 5. e3 {This position does seem a little bit like a Trompowsky
(1.d4 Nf6 2.Bg5 d5 3.Bxf6 exf6) but the key difference is that there is a pawn
on f6 instead of f7. This makes a huge difference and the f6-square is no
longer available to the b8-knight.} Be6 6. Nge2 {Granda Zuniga tries to get
his knight to f4 at the earliest possible opportunity.} (6. Bd3 {has been
played the most number of times.} Nc6 {threatening ...Nb4.} 7. Qf3 Qd7 8. a3
O-O-O 9. Nge2 g5 $132 {gives Black a fighting position.}) 6... Bd6 (6... Nc6 7.
Nf4 Bf7 8. Qf3 Bb4 {was another way to play.}) 7. Nf4 Bxf4 8. exf4 {A look at
the position reveals that White should have at least a miniscule edge because
of the better bishop.} c6 ({Just a few days later Granda Zunga tried this
opening once again, but this time against a much weaker opponent and won very
nicely.} 8... Qd6 9. g3 a6 10. Bg2 Nc6 11. Qd2 Ne7 12. h4 h5 13. Bf3 Bf7 14.
Nd1 O-O 15. Ne3 b6 16. O-O g6 17. Rfd1 Rad8 18. b3 Be8 19. c4 $14 {1-0 (62)
Granda Zuniga,J (2646)-Mingarro Carceller,S (2238) La Roda 2015}) 9. g3 Nd7 10.
Bg2 Nb6 11. O-O O-O 12. Qd3 Nc4 $1 {Erwin relocates his knight to a better
square on d6.} 13. b3 Nd6 14. Nd1 $1 {Granda does the same with his knight. e3
is the best square for it.} a5 15. a4 Qb6 16. Ne3 Qa6 17. Qxa6 Rxa6 {Many
moves have been made after the opening but the character of the position
hasn't changed. White is slightly better not only because he is more active
but he has the breaks in this position. For example, Black cannot really play .
..c5 as his d5-pawn would be hanging but White has the plan of the c4 break
though in the future.} 18. Rfd1 Rd8 (18... Ne4 {The knight cannot really sit
on this outpost because it will be kicked out after} 19. Bf1 (19. Bxe4 {
It might seem tempting to exchange these pieces in order to go for a superior
minor piece position but in reality the bishop on e6 is not bad after White
tries to open the position with a pawn break.} fxe4 $11) 19... Raa8 20. f3 Nd6
21. c4 $14) 19. Rac1 {White is gearing up for the c4 break.} b5 $6 (19... Rb6
$5 {could have been a nice prophylactic idea preventing c4.}) 20. axb5 Nxb5 (
20... cxb5 21. Nxd5 $16) 21. c4 $1 {This works tactically.} Nc7 (21... dxc4 22.
d5 $1 (22. bxc4 Nxd4 $17) 22... cxd5 23. bxc4 Na7 24. cxd5 $16 {White is just
better as the black pieces are horribly scattered.}) 22. Ra1 dxc4 (22... Rb8
23. Ra3 $14) 23. bxc4 g6 24. Bf1 Bf7 25. Ra3 Ra7 26. Nc2 Ne6 (26... a4 27. Nb4
Be8 $11 {and Black is clinging on.}) 27. Bg2 Be8 (27... Ra6 {was better.}) 28.
Re3 Nf8 {Slowly and steadily Black's pieces have been pushed back and White
assumes quite a tangible advantage.} 29. Ra1 Bf7 30. Nb4 $1 {[%cal Ga5b4] The
knight jumps to b4 making use of the a-file pin to attack the c6-pawn which
cannot be defended.} (30. Bxc6 {here Black would have had chances to hold after
} Bxc4 31. d5 Bxd5 32. Rd3 Bxc6 33. Rxd8 $14 {But we might end with a similar
position as in the game.}) 30... axb4 $5 {A very interesting practical
decision. As Erwin L'Ami mentioned in an interview for ChessBase,"I realised
things had gone really wrong here and it simply didn't seem like I had a
choice. The fact that this game still went my way was of course vital. It's
that kind of luck you need to win an event."} 31. Rxa7 Rxd4 32. Bxc6 (32. Bf1
$1 {It would have been much more tenacious to defend the c4-pawn.} Bxc4 $2 33.
Bxc4+ Rxc4 34. Rb7 c5 35. Re8 Re4 36. Rc8 $18 {In order to save the knight,
the queenside pawns will be lost and White should have excellent chances to
win the endgame.}) 32... Rxc4 {Black has decent drawing chances now.} 33. Ree7
Rc1+ 34. Kg2 Bc4 {Very well calculated. There are no dangers to the black king.
And the black pieces have suddenly assumed activity. Now this is especially
difficult to deal with for the White player because almost for the entire game,
Black had been sitting passively. This shift in the game is what Granda Zuniga
was unable to deal with.} 35. Ba4 (35. Kh3 $14 {was a better try but it is no
longer easy to find a clear path for White.}) 35... b3 36. Rab7 {Granda Zuniga
has to give back the exchange as the pawn is threatening to queen after b2.}
Bd5+ 37. Kh3 (37. f3 {was maybe a tad safer but he might have been afraid of}
Rc2+ $6 (37... Bxb7 $1 38. Bxb3+ Kh8 39. Rxb7 $11 {and the game will end in a
draw.}) 38. Kh3 $1 {White is already winning because Bxb3+ will claim the rook.
} Bxf3 39. Bxb3+ $18) 37... g5 $5 {Bxb7 would of course have ended in equality
but Erwin L'Ami tries for more. Look how nicely the bishop along with the
knight which is going to come to g6 combine with each other to launch a mating
attack.} 38. fxg5 (38. Bxb3 $2 g4+ 39. Kh4 Ng6+ 40. Kh5 Nxe7 $19 {is a tactic
similar to the game.}) 38... fxg5 39. Bxb3 $2 {A very bad tactical oversight
by Granda Zuniga who most probably was in time trouble. It would have been
better to play} (39. Rg7+ Kh8 40. Bxb3 g4+ (40... Bxb3 41. Rxg5 $11) 41. Kh4
Bxb3 (41... Ng6+ $2 42. Rxg6 Bxb3 (42... Bxb7 43. Rg8#) 43. Rb8+ $18) 42. Rgc7
$11 {and this will most probably end in a draw.}) 39... g4+ 40. Kh4 Ng6+ 41.
Kg5 Nxe7 {Very nice geometry on the chess board. The knight defends the bishop
on d5 and if White captures the knight, then the b3-bishop is left hanging.}
42. Bxd5+ Nxd5 43. Kxf5 Rc2 {Erwin plays this last part of the game in a very
precise manner.} 44. Kxg4 Rxf2 45. h3 Nf6+ 46. Kh4 Rd2 47. g4 Rd3 48. Kg5 Ne4+
49. Kf4 Nc5 50. Rb5 Ne6+ 51. Ke5 Nf8 52. h4 Rh3 53. h5 h6 54. Kf4 Ra3 55. Rb6 (
55. g5 Ne6+ $19) 55... Kg7 56. Rc6 (56. g5 $2 Ra4+ $19) 56... Ra1 57. Rb6 Re1
58. Kf5 Rf1+ 59. Ke4 Rf6 60. Rb7+ Rf7 61. Rb6 Rf6 62. Rb7+ Kg8 63. Ra7 Nh7 64.
Ke5 Rf1 65. Ra8+ Kg7 66. Ra7+ Rf7 67. Ra4 Ng5 {The knight blockades the white
pawns and prevents any further exchanges. It was plain sailing from here on.}
68. Ra6 Rf1 69. Rg6+ Kh7 70. Ra6 Nf7+ 71. Ke4 Kg7 72. Ke3 Rf6 73. Ra7 Rb6 74.
Kf4 Kf6 75. Ra4 Ng5 76. Rc4 Rb3 77. Rc6+ Ne6+ 78. Ke4 Rg3 79. Kd5 Re3 80. Ra6
Re5+ 81. Kd6 Re4 {Granda Zuniga was unlucky that he botched up a very
promising position but full credit to Erwin for taking his chances. After this
round, he led the tournament by one full point.} 0-1

[Event "Lvov"]
[Site "Lvov"]
[Date "1988.??.??"]
[Round "?"]
[White "Sapis, Witalis"]
[Black "Malaniuk, Vladimir P"]
[Result "0-1"]
[WhiteElo "2445"]
[BlackElo "2515"]
[Annotator "Schipkov,B"]
[PlyCount "136"]
[EventDate "1988.02.??"]
[EventType "tourn"]
[EventRounds "15"]
[EventCountry "URS"]
[EventCategory "10"]
[SourceTitle "CBM 007"]
[Source "ChessBase"]
[SourceDate "1988.12.01"]
[SourceVersion "1"]
[SourceVersionDate "1988.12.01"]
[SourceQuality "1"]

1. d4 f5 2. Bf4 Nf6 3. e3 e6 4. Bd3 Nc6 $5 {[%cal Yd7d6] Black intends to play
d6 and then e6-e5.} (4... d6) 5. c3 (5. Ne2 Nb4) 5... d6 6. Nf3 Qe7 $1 {
[%cal Re6e5] Black threatens with e5.} 7. Bb5 (7. Bg5 h6 8. Bxf6 Qxf6 $11) 7...
Bd7 $11 8. Nbd2 h6 $1 {Great! Black grabs a tempo because he plays g7-g5 at
once, without g7-g6 and then g6-g5 as usual in the Leningrad Dutch.} 9. h3 (9.
h4) (9. Bg3) 9... g5 {[%cal Yf8g7] Seizing space on the kingside.} 10. Bh2 Bg7
11. Qe2 a6 12. Ba4 O-O-O 13. O-O-O Kb8 14. Bb3 e5 $1 $15 {[%csl Ye5,Yf5,Yg5,
Rh2][%cal Re6e5] Black's chances are preferable thanks to his spatial
advantage and the bad position of the white dark-squared bishop.} 15. dxe5 dxe5
16. Nc4 Ne4 17. Nfd2 Nc5 18. e4 $6 (18. Bc2 $15) 18... Nxb3+ 19. Nxb3 f4 20. f3
Be6 21. Rxd8+ Rxd8 22. Rd1 Rxd1+ 23. Kxd1 b6 $17 24. Ncd2 Kb7 25. Bg1 Qd7 26.
Kc2 Na7 27. Nc1 Bf6 28. Qd3 Qc6 29. b3 a5 30. Ne2 Be7 (30... a4 $5) 31. c4 Bc5
32. Bxc5 Qxc5 {Black begins to penetrate into the White's camp.} 33. Nc3 Nc6
34. Kb2 Qg1 35. Qf1 Qe3 36. Ndb1 Nb4 $1 37. Nd1 Qd4+ (37... Qe1 $1 38. Qxe1
Nd3+ 39. Kc3 Nxe1 40. Nf2 Nxg2 $19) 38. Ndc3 Qe3 39. Nd1 Qe1 $1 {An elegant
combination.} 40. Qxe1 Nd3+ 41. Kc3 Nxe1 42. Nf2 Nxg2 $19 {The second player
wins.} 43. Nd3 Bxh3 44. Nxe5 Be6 45. Kd2 c6 46. Nc3 Kc7 47. Ke2 Nh4 48. Nd3 Ng6
49. Na4 Nf8 50. Kf2 Nd7 51. Kg2 Kd6 52. Kf2 Ne5 53. c5+ bxc5 54. Naxc5 ({
My reconstruction} 54. Ndxc5 Bc8 55. a3 h5 56. b4 axb4 57. axb4 g4 58. fxg4
hxg4 59. Nb2 g3+ 60. Kg2 Bg4 61. Nbd3 Bf3+ 62. Kh3 g2 63. Kh2 Nxd3 64. Nxd3 $19
) 54... Bc8 55. a3 h5 56. b4 axb4 57. axb4 g4 58. fxg4 hxg4 59. Nb2 g3+ 60. Kg2
Bg4 61. Nbd3 Bf3+ 62. Kh3 g2 63. Kh2 Nxd3 64. Nxd3 Bxe4 65. Nxf4 Ke5 66. Ne2
Bf3 67. Ng1 Kf4 68. Nh3+ Ke3 0-1

[Event "Las Palmas"]
[Site "Las Palmas"]
[Date "1991.??.??"]
[Round "8"]
[White "Kortschnoj, Viktor Lvovich"]
[Black "Santo Roman, Marc"]
[Result "1-0"]
[WhiteElo "2615"]
[BlackElo "2500"]
[Annotator "Schipkov,B"]
[PlyCount "61"]
[EventDate "1991.12.??"]
[EventType "tourn"]
[EventRounds "9"]
[EventCountry "ESP"]
[EventCategory "10"]
[SourceTitle "EXT 1997"]
[Source "ChessBase"]
[SourceDate "1996.11.15"]
[SourceVersion "1"]
[SourceVersionDate "1996.11.15"]
[SourceQuality "1"]

1. d4 f5 {[%cal Rf7f5,Gf5e4]} 2. Bf4 Nf6 3. e3 d6 4. Nc3 c6 (4... g6 $5 {
[%cal Yf8g7]}) (4... e6 $5 {[%cal Gf8e7]}) 5. Nf3 Qa5 6. Qd2 Nbd7 {[%cal Re7e5]
} 7. Ne4 (7. Bd3 $5 e5 8. Bg3 g6 (8... e4 $2 9. Nxe4 Qxd2+ 10. Nexd2 $18) (8...
Be7 9. Bxf5 O-O $16) 9. O-O Be7 (9... Bg7 $6 10. Nb5 Qxd2 11. Nxd6+ Ke7 12.
Nxc8+ Raxc8 13. Nxd2 $16) 10. h3 (10. Bc4 Nh5 $13) 10... Qc7 11. Bc4 $14) (7.
Bc4 $5 d5 (7... e5 8. Bg3 $14) 8. Bd3 $14 {White has a slight edge.}) 7...
Qxd2+ 8. Nexd2 Ne4 9. Nxe4 fxe4 10. Nd2 Nf6 $11 11. h3 h6 12. O-O-O g5 13. Bh2
Bf5 14. Be2 h5 (14... O-O-O $5 $11) 15. Bg1 Rg8 (15... O-O-O $5 $11) 16. f3 g4
17. hxg4 hxg4 18. fxg4 ({I think White played} 18. fxe4 Nxe4 19. Nxe4 Bxe4 20.
Rh4 Bxg2 21. Rxg4 Rxg4 22. Bxg4 $11 {Interesting, though elementary (Sherlock
Holmes).}) 18... Nxg4 19. Nxe4 Bxe4 20. Rh4 Bxg2 21. Rxg4 Rxg4 22. Bxg4 $11 Bg7
(22... Bh6) 23. Bf2 Bf6 $6 (23... Bd5 $5) 24. Rg1 $1 {White obtains some
initiative in the ending.} Bd5 25. e4 $1 Bf7 (25... Bxe4 26. Be6 Bh7 27. Bf5
Bxf5 28. Rg8+ Kd7 29. Rxa8 $14) 26. Be3 (26. Bh5 Kf8) 26... Rd8 (26... e5 $1
$11 {[%cal Oe5d4,Cg4h5,Cg1g8,Cg8a8,Re8e7]}) 27. a3 b6 28. Rf1 $1 Bg6 29. Be6 $5
Bf7 $4 (29... Bxe4 30. Rg1 Bh7 31. c3 $36 {[%csl Re8]}) 30. Bxf7+ Kxf7 31. e5
1-0

[Event "Andorra op 34th"]
[Site "Escaldes"]
[Date "2016.08.11"]
[Round "9"]
[White "Granda Zuniga, Julio E"]
[Black "Lagarde, Maxime"]
[Result "0-1"]
[WhiteElo "2672"]
[BlackElo "2572"]
[Annotator "Schulz,Andre"]
[PlyCount "52"]
[EventDate "2016.08.03"]
[EventType "swiss"]
[EventRounds "9"]
[EventCountry "AND"]
[SourceTitle "CBM 173 Extra"]
[Source "ChessBase"]
[SourceDate "2016.08.29"]
[SourceVersion "1"]
[SourceVersionDate "2016.08.29"]
[SourceQuality "1"]

1. d4 f5 2. Nc3 d5 3. Bf4 e6 4. e3 Nf6 5. Nb5 ({Meist geschieht} 5. Nf3 Be7 6.
Bd3) 5... Bd6 ({Nach} 5... Na6 6. c4 c6 7. Nc3 Be7 8. Nf3 {hat Weiß eine
überraschen hohe Erfolgsquote in allerdings nich sehr vielen Partien.}) 6.
Nxd6+ cxd6 7. Nf3 O-O 8. c4 Ne4 9. cxd5 g5 10. Bg3 exd5 11. Bd3 f4 12. Qb3 $6 {
Der Damenausfall bringt mehr Probleme für Weiß als für Schwarz.} (12. exf4
gxf4 13. Bh4 Qa5+ 14. Nd2 Nc6 15. f3 Nxd2 16. Qxd2 Qxd2+ 17. Kxd2 Bf5 $11 (
17... Nxd4 $2 18. Rae1 Bf5 19. Be7 $14)) 12... Qa5+ 13. Kf1 Kh8 {Nimmt die
Drohung Lxe4 aus der Stellung.} 14. exf4 gxf4 15. Bh4 Nc6 {Mit dem
Hintergedanken Sxd4 und ggf. Sd2.} 16. Kg1 Bg4 {[#] Die Drohung Lxf3, gefolgt
von Sxd4 ist nun sehr hässlich.} 17. Qxb7 Rac8 18. Qb5 Qxb5 19. Bxb5 Bxf3 20.
gxf3 Nd2 {Weiß steht grausam. Die Partie ist gelaufen.} 21. Kg2 Nxd4 22. Bd3
N4xf3 23. Kh3 (23. Be7 Rf7 24. Bxd6 Rg8+ 25. Kh3 Rf6 {führt zum Matt.}) 23...
Rce8 {Drohung: Te6-h6.} 24. Rhg1 Nxg1+ 25. Rxg1 Nf3 26. Rc1 Re6 0-1

[Event "Reykjavik op"]
[Site "Reykjavik"]
[Date "2015.03.11"]
[Round "3"]
[White "Hauge, Lars Oskar"]
[Black "Rasmussen, Allan Stig"]
[Result "1-0"]
[WhiteElo "2380"]
[BlackElo "2532"]
[Annotator "Schulz,Andre"]
[PlyCount "37"]
[EventDate "2015.03.10"]
[EventType "swiss"]
[EventRounds "10"]
[EventCountry "ISL"]
[SourceTitle "CBM 165 Extra"]
[Source "ChessBase"]
[SourceDate "2015.04.21"]
[SourceVersion "1"]
[SourceVersionDate "2015.04.21"]
[SourceQuality "1"]

1. d4 f5 2. Nf3 Nf6 3. Bg5 e6 ({Die Alternative ist} 3... Ne4 4. Bf4 {usw.}) 4.
Nbd2 h6 $6 {Weiß will ja soweiso auf f6 tauschen, um zu e4 zu kommen.} ({Auch
} 4... Be7 5. Bxf6 Bxf6 6. e4 fxe4 7. Nxe4 {spielt Weiß in die Hände.}) ({
Thematischer ist} 4... d5) 5. Bxf6 Qxf6 6. e4 d6 (6... g6 7. c3 Nc6 8. Bd3 d6
9. Qb3 Bg7 10. h4 a6 11. O-O-O Bd7 12. h5 O-O-O 13. hxg6 fxe4 14. Nxe4 Qf4+ 15.
Kb1 Ne7 16. Ng3 Nd5 17. Nf5 Bf6 18. Rde1 exf5 19. Qxd5 Kb8 20. g7 Rhg8 21. Qf7
Bg5 22. Rhg1 h5 23. Nxg5 Qxg5 24. Re7 Bc6 25. Rxc7 Bd5 26. Qe7 Qd2 27. Bc4 Be4+
28. Ka1 {1/2-1/2 (28) Speelman,J (2600)-Mainka,R (2485) London 1994}) 7. exf5
exf5 8. Bc4 Nc6 (8... b6 9. O-O Bb7 10. Re1+ Be7 11. Re6 Qf8 12. Nh4 Qf7 13.
Ng6 d5 14. Rxe7+ Qxe7 15. Nxe7 Kxe7 16. Qf3 c6 17. Re1+ {1-0 (17) Barczay,L 
(2400)-Adam,O Zalakaros 1995}) (8... c6 9. O-O d5 10. Re1+ Be7 11. Bb3 O-O 12.
c4 $16) 9. O-O ({Lahm wäre} 9. c3 Bd7 10. O-O O-O-O $11) 9... Nxd4 $2 {
Schwarz verlang seiner Stellung zu viel ab.} (9... Bd7 $14) 10. Nxd4 Qxd4 11.
Re1+ Be7 12. Qh5+ ({Stark war auch} 12. c3 Qf6 13. Qb3 {und auch hier ist
keine der beiden Rochden derzeit für Schwarz ohne Verluste möglich.}) 12...
Kd8 13. Re2 Bd7 14. Rae1 Bf6 15. c3 Qh4 $2 ({Nötig war} 15... Qc5 16. Be6 $16
(16. b4 $5 $16)) 16. Qf7 c6 17. Be6 Bc8 (17... Bxe6 18. Rxe6 Kc8 19. g3 Qg4 20.
Re8+ Rxe8 21. Rxe8+ Bd8 22. Qe7 $18) 18. Nf3 Qa4 19. Bb3 1-0

[Event "Salamanca"]
[Site "Salamanca"]
[Date "1991.??.??"]
[Round "1"]
[White "Rodriguez Vargas, Orestes"]
[Black "Rivas Pastor, Manuel"]
[Result "1/2-1/2"]
[WhiteElo "2470"]
[BlackElo "2450"]
[Annotator "Schussler,H"]
[PlyCount "56"]
[EventDate "1991.04.??"]
[EventType "tourn"]
[EventRounds "11"]
[EventCountry "ESP"]
[EventCategory "10"]
[SourceTitle "CBM 023"]
[Source "ChessBase"]
[SourceDate "1991.08.01"]
[SourceVersion "1"]
[SourceVersionDate "1991.08.01"]
[SourceQuality "1"]

1. d4 f5 2. Bg5 g6 3. Nc3 Bg7 4. e3 Nf6 5. Bc4 c6 6. h4 {6.d5 Qa5} d5 7. Bd3 h6
8. Bxf6 Bxf6 9. Qf3 O-O 10. Qg3 Kh7 11. Nce2 Qd6 12. Qxd6 exd6 $10 13. h5 g5
14. g4 Kg7 15. gxf5 c5 16. c3 Nc6 17. Ng3 Bd7 18. Nf3 cxd4 19. exd4 Rae8+ 20.
Kf1 Na5 21. Nd2 b5 22. b4 Nc4 23. Nxc4 dxc4 24. Be4 g4 25. Re1 Bg5 26. Re2 Kf6
27. Ke1 Bf4 28. Rg1 Bxg3 1/2-1/2

[Event "Niksic"]
[Site "Niksic"]
[Date "1991.??.??"]
[Round "7"]
[White "Kontic, Djordjije"]
[Black "Todorovic, Goran M"]
[Result "0-1"]
[WhiteElo "2325"]
[BlackElo "2490"]
[Annotator "Schussler,H"]
[PlyCount "49"]
[EventDate "1991.04.??"]
[EventType "tourn"]
[EventRounds "13"]
[EventCountry "YUG"]
[EventCategory "9"]
[SourceTitle "CBM 024"]
[Source "ChessBase"]
[SourceDate "1991.10.01"]
[SourceVersion "1"]
[SourceVersionDate "1991.10.01"]
[SourceQuality "1"]

1. d4 f5 2. h3 $5 {Perhaps the best move order if White wants to play this
gambit. If 2.g4 fxg4 3.h3 Black has 3. - g3!?.} d5 3. g4 fxg4 4. hxg4 Bxg4 5.
Nh3 {5.Bh3 is probably better as the g6/h7 complex then gets more vulnerable.}
Nf6 6. Ng5 Nc6 7. Bf4 Qd7 8. f3 Bf5 9. Nc3 e6 $15 {It` s like a Benko gambit -
without a powerful bishop.} 10. Qd2 O-O-O 11. O-O-O h6 12. Nh3 g5 13. Be5 Bg7
14. Nf2 Qe7 15. Bh2 a6 16. e3 h5 17. Nd3 g4 18. Nc5 gxf3 19. Qe1 e5 20. Nxa6
exd4 21. Rxd4 Nxd4 22. Nxc7 Bh6 23. N3xd5 Rxd5 24. Nxd5 Nxd5 25. Kb1 0-1

[Event "Altensteig"]
[Site "Altensteig"]
[Date "1990.??.??"]
[Round "5"]
[White "Mohr, Stefan"]
[Black "Schlosser, Philipp"]
[Result "1-0"]
[WhiteElo "2430"]
[BlackElo "2455"]
[Annotator "Schussler,H"]
[PlyCount "60"]
[EventDate "1990.07.??"]
[EventType "tourn"]
[EventRounds "11"]
[EventCountry "GER"]
[EventCategory "9"]
[SourceTitle "CBM 020"]
[Source "ChessBase"]
[SourceDate "1991.02.01"]
[SourceVersion "1"]
[SourceVersionDate "1991.02.01"]
[SourceQuality "1"]

1. d4 f5 2. Nc3 d5 3. Bg5 h6 4. Bf4 Nf6 5. h4 e6 6. e3 Bd6 7. Nce2 O-O 8. Nf3
c5 9. c3 Nc6 10. Bxd6 Qxd6 11. Nf4 cxd4 12. cxd4 Qb4+ 13. Qd2 Ne4 14. Qxb4 Nxb4
15. Bd3 g5 16. hxg5 hxg5 17. a3 Nxd3+ 18. Nxd3 b6 19. Nfe5 Ba6 20. Nb4 Bb7 21.
f3 Nd6 22. Rh5 Nf7 23. Nxf7 Rxf7 24. Rxg5+ $18 Kf8 25. Rc1 Rc8 26. Rxc8+ Bxc8
27. Rh5 Kg7 28. Nd3 Ba6 29. Nf4 Rf6 30. Kd2 Bf1 {31.Rh1 threatens 32.Rxf1 and
32.Nh5+.} 1-0

[Event "GER-ch"]
[Site "Bad Neuenahr"]
[Date "1991.??.??"]
[Round "6"]
[White "Muse, Mladen"]
[Black "Buecker, Stefan"]
[Result "1-0"]
[WhiteElo "2460"]
[BlackElo "2345"]
[Annotator "Schussler,H"]
[PlyCount "41"]
[EventDate "1991.06.??"]
[EventType "tourn"]
[EventRounds "15"]
[EventCountry "GER"]
[EventCategory "7"]
[SourceTitle "CBM 024"]
[Source "ChessBase"]
[SourceDate "1991.10.01"]
[SourceVersion "1"]
[SourceVersionDate "1991.10.01"]
[SourceQuality "1"]

1. d4 f5 2. Nc3 Nf6 3. Bg5 d5 4. Bxf6 exf6 5. e3 Be6 6. Bd3 c6 7. Qf3 g6 8. h3
{Another plan is to station a N at f4 and play h2-h4 and possibly h4-h5 (see
CBM 24/game 489).} Rg8 9. Nge2 Rg7 10. g4 fxg4 11. hxg4 Nd7 12. O-O-O Qa5 $2
13. Rxh7 O-O-O (13... Rxh7 14. Bxg6+ Rf7 15. Nf4 $18) 14. Rxg7 Bxg7 15. Nf4 Bf7
16. Nxg6 Bxg6 17. Bxg6 b5 18. Kb1 Nb6 19. Ne2 Nc4 20. Qf5+ Kb7 21. Nc1 1-0